Recent approaches in omics for plant resilience to climate change (Record no. 43225)

MARC details
000 -LEADER
fixed length control field 00557nam a2200193Ia 4500
020 ## - INTERNATIONAL STANDARD BOOK NUMBER
ISBN 9783030216863
082 ## - DEWEY DECIMAL CLASSIFICATION NUMBER
Classification number 581.522.5:504.38
Item number WAN
100 ## - MAIN ENTRY--AUTHOR NAME
Personal name Wani, Shabir Hussain
245 #0 - TITLE STATEMENT
Title Recent approaches in omics for plant resilience to climate change
260 ## - PUBLICATION, DISTRIBUTION, ETC. (IMPRINT)
Place of publication Switzerland
Name of publisher Springer Nature
Year of publication 2019
300 ## - PHYSICAL DESCRIPTION
Number of Pages 401p.
650 ## - SUBJECT ADDED ENTRY--TOPICAL TERM
Topical Term Abiotic stress tolerance
650 ## - SUBJECT ADDED ENTRY--TOPICAL TERM
Topical Term Genome editing
650 ## - SUBJECT ADDED ENTRY--TOPICAL TERM
Topical Term Micromics
650 ## - SUBJECT ADDED ENTRY--TOPICAL TERM
Topical Term Omics technology
650 ## - SUBJECT ADDED ENTRY--TOPICAL TERM
Topical Term Plant stress tolerance
942 ## - ADDED ENTRY ELEMENTS (KOHA)
Koha item type Books
Holdings
Withdrawn status Lost status Damaged status Not for loan Home library Current library Date acquired Cost, normal purchase price Full call number Accession Number Koha item type
        RRII Library RRII Library 16/12/2021 199.99 581.522.5:504.38 WAN 23491 Books